Map of the world on the Mercator projection exhibiting the American continent as its centre
Saved in:
| Main Author: | |
|---|---|
| Corporate Authors: | , , , |
| Format: | Electronic |
| Language: | English |
| Published: |
[1890].
|
| Series: | David Rumsey Collection digital maps
|
| Subjects: | |
| Tags: |
Add Tag
No Tags, Be the first to tag this record!
|
| LEADER | 01401nea a2200313Ka 4500 | ||
|---|---|---|---|
| 001 | 012024972-3 | ||
| 005 | 20090630193809.0 | ||
| 008 | 060613t18901887paud a s 0 eng d | ||
| 034 | 1 | |a a |b 97000000 |d W1800000 |e E1800000 |f N0800000 |g S0700000 | |
| 035 | 0 | |a ocm70081899 | |
| 040 | |a CUY |c CUY | ||
| 052 | |a 3200 | ||
| 100 | 1 | |a Mitchell, S. Augustus |q (Samuel Augustus), |d 1792-1868. | |
| 245 | 1 | 0 | |a Map of the world on the Mercator projection exhibiting the American continent as its centre |h [electronic resource] / |c copyright 1887 by Wm. M. Bradley & Bro. |
| 255 | |a Scale [ca. 1:97,000,000] |c (W 180⁰--E 180⁰/N 80⁰--S 70⁰). | ||
| 260 | |c [1890]. | ||
| 500 | |a Relief shown by hachures. | ||
| 500 | |a Shows countries, major cities, routes of ocean explorations, etc. | ||
| 500 | |a Scanned raster image of original: 1 map : hand col. ; 32 x 41 cm. | ||
| 500 | |a Original in the David Rumsey Collection; scanned by Cartography Associates. | ||
| 650 | 0 | |a World maps. | |
| 710 | 2 | |a Wm. M. Bradley & Bros. | |
| 710 | 2 | |a John Y. Huber Company. | |
| 710 | 2 | |a Cartography Associates. | |
| 710 | 2 | |a David Rumsey Collection. | |
| 773 | 0 | |a Mitchell, S. Augustus (Samuel Augustus), 1792-1868. |t Mitchell's new general atlas. |d Philadelphia ; St. Louis : John Y. Huber Company, 1890, c1886. |g p. 4-5. |w (OCoLC)70047977 | |
| 830 | 0 | |a David Rumsey Collection digital maps |5 net | |
| 988 | |a 20090630 | ||
| 906 | |0 OCLC | ||


